[Event "16. Copenhagen Open"]
[Site "Copenhagen"]
[Date "1994.??.??"]
[Round "4"]
[White "Sobjerg, Erik"]
[Black "Ksieski, Zbigniew"]
[Result "1-0"]
[WhiteElo "2265"]
[BlackElo "2355"]
[PlyCount "107"]
[EventDate "1994.??.??"]
[EventType "swiss"]
[EventRounds "10"]
[EventCountry "DEN"]
[SourceDate "2004.01.01"]

1. e4 c5 2. Nf3 e6 3. Nc3 Nc6 4. Bb5 Nd4 5. O-O a6 6. Bd3 d6 7. Nxd4 cxd4 8.
Ne2 Qb6 9. c3 dxc3 10. bxc3 Nf6 11. Bc2 Qc6 12. Re1 Be7 13. Ba3 b5 14. Nf4 Qc7
15. Qf3 e5 16. Ne2 O-O 17. Ng3 g6 18. Rac1 Qa5 19. Bb4 Qxa2 20. d4 Bg4 21. Qd3
Rfe8 22. h3 Bd7 23. Qf3 Kg7 24. Bd3 Qd2 25. Nf1 Qg5 26. d5 Nh5 27. c4 Nf4 28.
Bd2 bxc4 29. Bxc4 Rec8 30. Kh2 Qh4 31. Ne3 a5 32. Rb1 Rc7 33. Bb5 Bxb5 34. Rxb5
a4 35. Ra1 Nd3 36. g3 Qf6 37. Qxf6+ Bxf6 38. Kg2 Nc5 39. Kf3 Bg5 40. h4 Bxe3
41. Kxe3 Ra6 42. Ra3 f5 43. f3 fxe4 44. fxe4 h5 45. Rb4 Rca7 46. Ke2 Nb3 47.
Be3 Ra8 48. Kd3 g5 49. Bxg5 Rf8 50. Rbxb3 axb3 51. Rxa6 Rb8 52. Ra1 Rb4 53. Bd2
Rd4+ 54. Ke3 1-0

[Event "16. Copenhagen Open"]
[Site "Copenhagen"]
[Date "1994.??.??"]
[Round "4"]
[White "Varberg, Kenneth"]
[Black "Jensen, Soren"]
[Result "1/2-1/2"]
[WhiteElo "2260"]
[BlackElo "1990"]
[PlyCount "77"]
[EventDate "1994.??.??"]
[EventType "swiss"]
[EventRounds "10"]
[EventCountry "DEN"]
[SourceDate "2004.01.01"]

1. c4 e6 2. Nf3 Nf6 3. b3 Be7 4. Bb2 O-O 5. Nc3 c5 6. g3 b6 7. Bg2 Bb7 8. O-O
d6 9. Qc2 Nc6 10. Rad1 Rc8 11. Qb1 Qc7 12. d4 Nxd4 13. Nxd4 cxd4 14. Rxd4 Bxg2
15. Kxg2 Rfd8 16. Rfd1 a6 17. Qd3 Qc6+ 18. Qf3 Qxf3+ 19. Kxf3 Kf8 20. e4 Ne8
21. R4d3 Bf6 22. R1d2 Bxc3 23. Bxc3 f6 24. Bb4 Ke7 25. a4 a5 26. Ba3 e5 27. Ke3
Rc7 28. f4 Rcd7 29. f5 Nc7 30. Kf3 Na6 31. g4 Nc5 32. Re3 g6 33. Rd1 gxf5 34.
gxf5 Rg8 35. Rb1 h5 36. b4 Nxa4 37. bxa5 bxa5 38. h3 Rc8 39. Rb5 1/2-1/2

[Event "16. Copenhagen Open"]
[Site "Copenhagen"]
[Date "1994.??.??"]
[Round "4"]
[White "Ward, Christopher"]
[Black "Andersen, Martin"]
[Result "1-0"]
[WhiteElo "2495"]
[BlackElo "2030"]
[PlyCount "81"]
[EventDate "1994.??.??"]
[EventType "swiss"]
[EventRounds "10"]
[EventCountry "DEN"]
[SourceDate "2004.01.01"]

1. d4 f5 2. Bg5 g6 3. Nc3 Bg7 4. e4 fxe4 5. Nxe4 Nf6 6. Nc3 d6 7. Qd2 Bf5 8.
Nge2 c6 9. Ng3 e6 10. O-O-O O-O 11. Kb1 b5 12. Nxf5 exf5 13. d5 b4 14. Ne2 Ne4
15. Bxd8 Nxd2+ 16. Rxd2 Rxd8 17. dxc6 Nxc6 18. g3 Rab8 19. Bg2 Ne7 20. Rhd1 Rb6
21. Nf4 Kf7 22. Re2 Be5 23. Nd3 Bd4 24. b3 a5 25. Nxb4 axb4 26. Rxd4 Rd7 27.
Kb2 Ra7 28. Re1 Kf6 29. f4 Rba6 30. Ra1 Rb6 31. a3 bxa3+ 32. Rxa3 Rc7 33. Ra8
Nc8 34. Rd1 Rb5 35. c4 Rb6 36. Bd5 Ne7 37. Rf8+ Kg7 38. Rf7+ Kh6 39. Bf3 Ra6
40. Ra1 Rxa1 41. Kxa1 1-0

[Event "16. Copenhagen Open"]
[Site "Copenhagen"]
[Date "1994.??.??"]
[Round "5"]
[White "Andersen, Martin"]
[Black "Harestad, Hans"]
[Result "1/2-1/2"]
[WhiteElo "2030"]
[BlackElo "1990"]
[PlyCount "73"]
[EventDate "1994.??.??"]
[EventType "swiss"]
[EventRounds "10"]
[EventCountry "DEN"]
[SourceDate "2004.01.01"]

1. e4 e6 2. d4 d5 3. Nc3 Bb4 4. Bd3 dxe4 5. Bxe4 Nf6 6. Bf3 Nc6 7. Bxc6+ bxc6
8. Nge2 c5 9. Be3 cxd4 10. Qxd4 Qxd4 11. Bxd4 Bd6 12. Nb5 Bd7 13. Nxd6+ cxd6
14. c4 e5 15. Bc3 Ne4 16. Rd1 Rb8 17. b3 Ke7 18. f3 Nc5 19. Kf2 f6 20. Rd2 Bc6
21. Rhd1 Rhd8 22. b4 Nb7 23. Bb2 Be8 24. Nc3 Bf7 25. Nd5+ Bxd5 26. Rxd5 Rdc8
27. Rc1 Rc7 28. Rd2 Rbc8 29. Rdc2 Nd8 30. Ke3 Ne6 31. g3 Rb8 32. b5 Rbc8 33. f4
Nc5 34. Ba3 Ne6 35. Bb2 Nc5 36. Ba3 Ne6 37. Bb2 1/2-1/2

[Event "16. Copenhagen Open"]
[Site "Copenhagen"]
[Date "1994.??.??"]
[Round "5"]
[White "Auchenberg, Per"]
[Black "Grabow, Pouelsten Holm"]
[Result "1-0"]
[WhiteElo "2160"]
[BlackElo "2285"]
[PlyCount "83"]
[EventDate "1994.??.??"]
[EventType "swiss"]
[EventRounds "10"]
[EventCountry "DEN"]
[SourceDate "2004.01.01"]

1. d4 d5 2. c4 c6 3. Nc3 dxc4 4. e4 e5 5. Nf3 exd4 6. Qxd4 Qxd4 7. Nxd4 b5 8.
a4 b4 9. Nd1 Ba6 10. Bf4 Bc5 11. Nf5 g6 12. Nd6+ Bxd6 13. Bxd6 Nf6 14. f3 Nbd7
15. Bxb4 c5 16. Bc3 O-O 17. Ne3 Rfe8 18. O-O-O Rab8 19. a5 Bb5 20. Rd6 Re6 21.
Rxe6 fxe6 22. Bxc4 Kf7 23. Rd1 Ke7 24. Bxb5 Rxb5 25. Nc4 Ne8 26. h4 Rb8 27. Kc2
Rb7 28. Bd2 e5 29. Bg5+ Ke6 30. Rd5 Rc7 31. g3 Rc6 32. Be3 Nc7 33. Rxd7 Kxd7
34. Nxe5+ Kd6 35. Nxc6 Kxc6 36. b4 cxb4 37. Bxa7 Kb5 38. Bb6 Ne8 39. e5 Ng7 40.
Kb3 Nf5 41. e6 h5 42. g4 1-0

[Event "16. Copenhagen Open"]
[Site "Copenhagen"]
[Date "1994.??.??"]
[Round "5"]
[White "Bogdanov, Dimitri"]
[Black "Stojanovski, Sandi"]
[Result "0-1"]
[WhiteElo "2090"]
[BlackElo "2260"]
[PlyCount "94"]
[EventDate "1994.??.??"]
[EventType "swiss"]
[EventRounds "10"]
[EventCountry "DEN"]
[SourceDate "2004.01.01"]

1. e4 Nf6 2. Nc3 d5 3. exd5 Nxd5 4. Bc4 Nb6 5. Bb3 Bf5 6. Nf3 e6 7. O-O c5 8.
d3 Be7 9. a4 Nc6 10. a5 Nd5 11. Bd2 O-O 12. Ne4 Rc8 13. Bc4 Ndb4 14. a6 b6 15.
Ne1 Na5 16. Bb5 Bg6 17. c3 Nd5 18. Ng3 Nc7 19. Bc4 Nxc4 20. dxc4 Bd3 21. Nxd3
Qxd3 22. Qe2 Qxe2 23. Nxe2 e5 24. g4 Rcd8 25. Be3 Rd3 26. Rfd1 Rfd8 27. Rxd3
Rxd3 28. Ng3 g6 29. Kf1 Rd7 30. Ke2 Bh4 31. Nf1 f5 32. f3 Be7 33. Bf2 Kf7 34.
Ne3 Ke6 35. Nc2 fxg4 36. fxg4 Ne8 37. Na3 Nf6 38. h3 Ne4 39. Be1 Ng5 40. h4 Nh3
41. Bg3 Nf4+ 42. Bxf4 exf4 43. g5 Kf5 44. Kf3 Rd3+ 45. Ke2 Ke4 46. Nb5 Rd7 47.
Rd1 f3+ 0-1

[Event "16. Copenhagen Open"]
[Site "Copenhagen"]
[Date "1994.??.??"]
[Round "5"]
[White "Costello, Colin"]
[Black "Jiretorn, Eva"]
[Result "0-1"]
[WhiteElo "2160"]
[BlackElo "2230"]
[PlyCount "138"]
[EventDate "1994.??.??"]
[EventType "swiss"]
[EventRounds "10"]
[EventCountry "DEN"]
[SourceDate "2004.01.01"]

1. c4 g6 2. Nc3 Bg7 3. g3 e5 4. Bg2 f5 5. d3 Nf6 6. Nf3 d6 7. O-O Nc6 8. Rb1 a5
9. a3 O-O 10. b4 axb4 11. axb4 h6 12. b5 Ne7 13. Bb2 g5 14. Ra1 Rb8 15. Ra7 Be6
16. Qa1 Ng6 17. Nd2 Qc8 18. Qa3 f4 19. b6 Rd8 20. bxc7 Qxc7 21. Nb5 Qd7 22. Ne4
Nxe4 23. Bxe4 Ne7 24. Nc3 Nc6 25. Bxc6 Qxc6 26. Rb1 Rf8 27. Ne4 d5 28. cxd5
Bxd5 29. Rc1 Qg6 30. Rc7 Bxe4 31. dxe4 fxg3 32. hxg3 Qxe4 33. Rxg7+ Kxg7 34.
Qe7+ Kg8 35. Bxe5 Rf7 36. Qd6 Rc8 37. Ra1 Qc6 38. Qd3 Qe6 39. Bb2 Qf5 40. Qd4
Kh7 41. Kg2 Re8 42. Ra4 Qd7 43. Qxd7 Rxd7 44. e3 h5 45. Rb4 Re6 46. Bd4 g4 47.
Rb5 Kg6 48. Be5 Rc6 49. Bf4 Rd2 50. e4 Re2 51. Rxb7 Rxe4 52. Rb5 Rc2 53. Rg5+
Kf6 54. Rxh5 Ree2 55. Rh6+ Kf5 56. Rh5+ Kf6 57. Rh6+ Kg7 58. Rh4 Rxf2+ 59. Kg1
Rg2+ 60. Kf1 Rcf2+ 61. Ke1 Ra2 62. Rxg4+ Kf6 63. Kf1 Rh2 64. Kg1 Rhb2 65. Bc1
Rb1 66. Rf4+ Ke6 67. Rf1 Raa1 68. Re1+ Kf5 69. Rf1+ Kg4 0-1

[Event "16. Copenhagen Open"]
[Site "Copenhagen"]
[Date "1994.??.??"]
[Round "5"]
[White "Furhoff, Johan"]
[Black "Alkaersig, Ole"]
[Result "1-0"]
[WhiteElo "2320"]
[BlackElo "2190"]
[PlyCount "65"]
[EventDate "1994.??.??"]
[EventType "swiss"]
[EventRounds "10"]
[EventCountry "DEN"]
[SourceDate "2004.01.01"]

1. e4 e5 2. Bc4 Nf6 3. d3 c6 4. Nf3 Be7 5. O-O d6 6. Re1 O-O 7. Nbd2 Nbd7 8. c3
d5 9. Bb3 Qc7 10. Qe2 Bd6 11. Nf1 Re8 12. Ng3 Nc5 13. Bc2 Bg4 14. h3 Bxf3 15.
Qxf3 Ne6 16. Nf5 Bf8 17. Bb3 Rad8 18. h4 dxe4 19. dxe4 g6 20. Nh6+ Kg7 21. Bg5
Be7 22. g4 Rf8 23. Nxf7 Kxf7 24. Bh6 Rfe8 25. g5 Rd6 26. gxf6 Bxf6 27. Bg5 Qe7
28. h5 gxh5 29. Qxh5+ Kf8 30. Qh6+ Qg7 31. Qxf6+ Qxf6 32. Bxf6 Nf4 33. Bh4 1-0

[Event "16. Copenhagen Open"]
[Site "Copenhagen"]
[Date "1994.??.??"]
[Round "5"]
[White "Hansen, Henrik Michael"]
[Black "Pedersen, Bjarne"]
[Result "0-1"]
[WhiteElo "2060"]
[BlackElo "2250"]
[PlyCount "54"]
[EventDate "1994.??.??"]
[EventType "swiss"]
[EventRounds "10"]
[EventCountry "DEN"]
[SourceDate "2004.01.01"]

1. e4 g6 2. d4 Bg7 3. Nf3 d6 4. Be2 Nd7 5. O-O e5 6. dxe5 dxe5 7. Nc3 Ngf6 8.
Bg5 h6 9. Be3 O-O 10. h3 Qe7 11. Qd2 Kh7 12. Rad1 Nb6 13. Qc1 Bd7 14. Nd5 Nfxd5
15. exd5 f5 16. c4 f4 17. Bd2 Rae8 18. Rfe1 e4 19. Nh2 Qh4 20. Bf1 Bd4 21. Re2
f3 22. g3 Qxg3+ 23. Kh1 Bxf2 24. Rxf2 Qxf2 25. Bxh6 e3 26. Bxf8 Rxf8 27. Be2
Qg2# 0-1

[Event "16. Copenhagen Open"]
[Site "Copenhagen"]
[Date "1994.??.??"]
[Round "5"]
[White "Hansen, Sune Berg"]
[Black "Sobjerg, Erik"]
[Result "1-0"]
[WhiteElo "2415"]
[BlackElo "2265"]
[PlyCount "99"]
[EventDate "1994.??.??"]
[EventType "swiss"]
[EventRounds "10"]
[EventCountry "DEN"]
[SourceDate "2004.01.01"]

1. e4 e5 2. Nf3 Nc6 3. Bc4 Nf6 4. d4 exd4 5. e5 d5 6. Bb5 Ne4 7. Nxd4 Bc5 8.
Be3 Bd7 9. Bxc6 bxc6 10. Nd2 Bxd4 11. Bxd4 Qg5 12. Nxe4 dxe4 13. Qd2 Qxd2+ 14.
Kxd2 O-O-O 15. Ke3 Rhe8 16. Kxe4 c5 17. Bc3 Bc6+ 18. Ke3 Re6 19. Rhg1 f6 20. f4
f5 21. Rae1 Be4 22. Re2 h5 23. Kf2 Kb7 24. g3 Kc6 25. h3 g6 26. Rxe4 fxe4 27.
Ke3 Rf8 28. Kxe4 Kd7 29. g4 hxg4 30. hxg4 Ra6 31. f5 gxf5+ 32. gxf5 Ra4+ 33. b4
cxb4 34. Bd4 c5 35. Bxc5 b3+ 36. Kd5 bxa2 37. Bxf8 a1=Q 38. Rxa1 Rxa1 39. e6+
Ke8 40. Bb4 a5 41. Bc3 Ra2 42. f6 Rxc2 43. Bxa5 Rf2 44. Bc3 Rf1 45. Ke4 Rf2 46.
Be5 Rf1 47. Bf4 Kf8 48. Kf5 Rf2 49. Kg4 Rf1 50. Bg5 1-0

[Event "16. Copenhagen Open"]
[Site "Copenhagen"]
[Date "1994.??.??"]
[Round "5"]
[White "Hedman, Erik"]
[Black "Stripunsky, Alexander"]
[Result "0-1"]
[WhiteElo "2285"]
[BlackElo "2510"]
[PlyCount "58"]
[EventDate "1994.??.??"]
[EventType "swiss"]
[EventRounds "10"]
[EventCountry "DEN"]
[SourceDate "2004.01.01"]

1. e4 c5 2. Nf3 Nc6 3. d4 cxd4 4. Nxd4 e5 5. Nb5 d6 6. c4 Be6 7. N1c3 a6 8. Na3
Rc8 9. Be2 Be7 10. O-O Bg5 11. b3 Bxc1 12. Qxc1 Nf6 13. Rd1 Nd4 14. Bd3 O-O 15.
Nc2 Nxc2 16. Qxc2 Rc6 17. Be2 Qb8 18. Rd3 b5 19. cxb5 axb5 20. Qd1 b4 21. Na4
Nxe4 22. Bf3 f5 23. Bxe4 fxe4 24. Re3 d5 25. Qd2 Rfc8 26. a3 bxa3 27. b4 Rc2
28. Qe1 Rf8 29. Rexa3 Rfxf2 0-1

[Event "16. Copenhagen Open"]
[Site "Copenhagen"]
[Date "1994.??.??"]
[Round "5"]
[White "Hoi, Carsten"]
[Black "Maksimenko, Andrei"]
[Result "0-1"]
[WhiteElo "2425"]
[BlackElo "2475"]
[PlyCount "66"]
[EventDate "1994.??.??"]
[EventType "swiss"]
[EventRounds "10"]
[EventCountry "DEN"]
[SourceDate "2004.01.01"]

1. d4 Nf6 2. Nf3 e6 3. e3 b6 4. Bd3 Bb7 5. O-O d5 6. b3 c5 7. Bb2 Nc6 8. Nbd2
Be7 9. c4 cxd4 10. exd4 O-O 11. Rc1 Rc8 12. Qe2 Re8 13. Rfd1 Bf8 14. Qe3 g6 15.
h3 Nd7 16. Nf1 dxc4 17. bxc4 Ba6 18. N1d2 Bg7 19. Ne4 Nf6 20. Neg5 h6 21. Nxf7
Kxf7 22. Ne5+ Nxe5 23. dxe5 Nd7 24. Qf3+ Kg8 25. Bxg6 Rf8 26. Qg4 Qe7 27. Bb1
Qf7 28. Qe4 Qxf2+ 29. Kh1 Rf5 30. Rc2 Nc5 31. Qg4 Qf4 32. Qe2 Rcf8 33. Rcc1
Bxe5 0-1

[Event "16. Copenhagen Open"]
[Site "Copenhagen"]
[Date "1994.??.??"]
[Round "5"]
[White "Holst, Allan"]
[Black "Arkell, Keith"]
[Result "0-1"]
[WhiteElo "2340"]
[BlackElo "2500"]
[PlyCount "102"]
[EventDate "1994.??.??"]
[EventType "swiss"]
[EventRounds "10"]
[EventCountry "DEN"]
[SourceDate "2004.01.01"]

1. e4 c6 2. d3 d5 3. Nd2 Qc7 4. Ngf3 Bg4 5. Be2 e6 6. c3 Nd7 7. exd5 cxd5 8.
Nd4 Bxe2 9. Qxe2 Ngf6 10. N2f3 Bc5 11. Bg5 O-O 12. O-O Rfe8 13. Rfe1 a6 14. Bh4
b5 15. a3 Bd6 16. Bg3 Bxg3 17. hxg3 Rab8 18. Qd2 h6 19. Nh2 a5 20. g4 b4 21.
cxb4 axb4 22. Rac1 Qd6 23. Nc6 bxa3 24. Nxb8 Rxb8 25. bxa3 Qxa3 26. Rc3 Qb4 27.
Rc8+ Kh7 28. Qxb4 Rxb4 29. Rc7 Rb3 30. f4 g5 31. f5 e5 32. d4 exd4 33. Nf3 Rc3
34. Ra7 d3 35. Re7 Nxg4 36. Raxd7 Rc1+ 37. Ne1 Ne5 38. Rxd5 Rxe1+ 39. Kf2 d2
40. Rxd2 Nd3+ 41. Rxd3 Rxe7 42. g4 h5 43. gxh5 Kh6 44. Rd6+ Kxh5 45. Kf3 Ra7
46. Rf6 g4+ 47. Kf4 Rb7 48. Rd6 Rb4+ 49. Ke5 Kg5 50. Rd8 f6+ 51. Ke6 Rb6+ 0-1

[Event "16. Copenhagen Open"]
[Site "Copenhagen"]
[Date "1994.??.??"]
[Round "5"]
[White "Hvenekilde, Jorgen"]
[Black "Roder, Peter"]
[Result "1-0"]
[WhiteElo "2320"]
[BlackElo "2205"]
[PlyCount "65"]
[EventDate "1994.??.??"]
[EventType "swiss"]
[EventRounds "10"]
[EventCountry "DEN"]
[SourceDate "2004.01.01"]

1. d4 Nf6 2. c4 c5 3. d5 b5 4. a4 bxc4 5. Nc3 g6 6. e4 d6 7. Bxc4 Bg7 8. f4 O-O
9. Nf3 Ba6 10. Bb5 Qb6 11. Qe2 Bxb5 12. axb5 a6 13. O-O Qb7 14. Bd2 Ne8 15. Ra5
axb5 16. Qxb5 Qxb5 17. Nxb5 Rxa5 18. Bxa5 Bxb2 19. Rb1 Bg7 20. Bd8 Nf6 21. Bxe7
Re8 22. Nxd6 Rxe7 23. Rxb8+ Bf8 24. Ne5 Kg7 25. g4 Ra7 26. g5 Bxd6 27. gxf6+
Kxf6 28. Rb6 Ra1+ 29. Kg2 Ke7 30. Nc6+ Kd7 31. Rb7+ Bc7 32. Na7 Kd8 33. e5 1-0

[Event "16. Copenhagen Open"]
[Site "Copenhagen"]
[Date "1994.??.??"]
[Round "5"]
[White "Isaksen, Brian"]
[Black "Christensen, Bo Garner"]
[Result "1-0"]
[WhiteElo "2245"]
[BlackElo "2225"]
[PlyCount "51"]
[EventDate "1994.??.??"]
[EventType "swiss"]
[EventRounds "10"]
[EventCountry "DEN"]
[SourceDate "2004.01.01"]

1. e4 c5 2. Nf3 d6 3. d4 cxd4 4. Nxd4 Nf6 5. Nc3 a6 6. Bc4 e6 7. Bb3 b5 8. O-O
Bb7 9. Re1 Nbd7 10. Bg5 Nc5 11. a3 Nxb3 12. Nxb3 Be7 13. Qd4 h6 14. Bh4 Rc8 15.
Rad1 e5 16. Qa7 Rc7 17. Bxf6 gxf6 18. Qb6 Rg8 19. Nc5 Bc8 20. Nd3 Bh3 21. g3
Qc8 22. Nb4 Rxc3 23. bxc3 Kd7 24. Nxa6 Qxc3 25. Nc5+ Ke8 26. Qc6+ 1-0

[Event "16. Copenhagen Open"]
[Site "Copenhagen"]
[Date "1994.??.??"]
[Round "5"]
[White "Jakobsen, Ole"]
[Black "Emms, John"]
[Result "1/2-1/2"]
[WhiteElo "2375"]
[BlackElo "2525"]
[PlyCount "76"]
[EventDate "1994.??.??"]
[EventType "swiss"]
[EventRounds "10"]
[EventCountry "DEN"]
[SourceDate "2004.01.01"]

1. d4 Nf6 2. c4 e6 3. Nf3 c5 4. d5 d6 5. Nc3 exd5 6. cxd5 g6 7. e4 a6 8. a4 Bg4
9. h3 Bxf3 10. Qxf3 Nbd7 11. Qd1 Bg7 12. Bd3 O-O 13. O-O Rc8 14. Re1 c4 15. Bc2
Nc5 16. a5 Nfd7 17. f4 Re8 18. Ra3 Nd3 19. Bxd3 cxd3 20. Qxd3 Nc5 21. Qd1 Bxc3
22. Rxc3 Rxe4 23. Rxe4 Nxe4 24. Rxc8 Qxc8 25. Be3 Qc4 26. Qd4 Qxd4 27. Bxd4 f5
28. Kf1 Kf7 29. Ke2 h6 30. Ke3 g5 31. fxg5 hxg5 32. Bb6 Nf6 33. Kd4 Ke7 34. Kc4
Nh5 35. Be3 f4 36. Bd2 Kf6 37. Kd4 Ng3 38. Bb4 Nf5+ 1/2-1/2

[Event "16. Copenhagen Open"]
[Site "Copenhagen"]
[Date "1994.??.??"]
[Round "5"]
[White "Jensen, Find"]
[Black "Preuss, Flemming"]
[Result "0-1"]
[WhiteElo "1970"]
[BlackElo "2020"]
[PlyCount "64"]
[EventDate "1994.??.??"]
[EventType "swiss"]
[EventRounds "10"]
[EventCountry "DEN"]
[SourceDate "2004.01.01"]

1. e4 c5 2. Nf3 Nc6 3. d4 cxd4 4. Nxd4 Nf6 5. Nc3 e5 6. Ndb5 d6 7. a4 Be7 8.
Be2 O-O 9. O-O Be6 10. f4 a6 11. Na3 exf4 12. Kh1 Ne5 13. Bxf4 Qb6 14. Qd2 Qb4
15. Rfd1 Qc5 16. a5 Rfd8 17. Na4 Qc6 18. Nb6 Rab8 19. Bf3 Nfd7 20. Nd5 Bf8 21.
Nb1 Nxf3 22. gxf3 Ne5 23. Nbc3 Kh8 24. Qf2 f5 25. Qh4 Rd7 26. Nf6 gxf6 27.
Qxf6+ Bg7 28. Qxe6 Nxf3 29. Rxd6 Rxd6 30. Qxd6 Qxd6 31. Bxd6 Rd8 32. Bb4 Rd2
0-1

[Event "16. Copenhagen Open"]
[Site "Copenhagen"]
[Date "1994.??.??"]
[Round "5"]
[White "Jensen, Henrik W"]
[Black "Varberg, Kenneth"]
[Result "1/2-1/2"]
[WhiteElo "2070"]
[BlackElo "2260"]
[PlyCount "50"]
[EventDate "1994.??.??"]
[EventType "swiss"]
[EventRounds "10"]
[EventCountry "DEN"]
[SourceDate "2004.01.01"]

1. e4 c6 2. d4 d5 3. exd5 cxd5 4. Bd3 g6 5. c3 Nh6 6. Nf3 Bg7 7. O-O Nc6 8. Bf4
O-O 9. Qb3 b6 10. Nbd2 f6 11. c4 Na5 12. Qb5 e6 13. cxd5 exd5 14. Rac1 g5 15.
Bc7 Qd7 16. b4 Nb7 17. Qxd7 Bxd7 18. Ba6 Nd8 19. h3 Nf5 20. Rfe1 Re8 21. Rxe8+
Bxe8 22. Bh2 Bf8 23. a3 Nd6 24. Nf1 Nb5 25. Ne3 Ne6 1/2-1/2

[Event "16. Copenhagen Open"]
[Site "Copenhagen"]
[Date "1994.??.??"]
[Round "5"]
[White "Jensen, Soren"]
[Black "Sinkbk, Aage"]
[Result "1/2-1/2"]
[WhiteElo "1990"]
[BlackElo "2220"]
[PlyCount "97"]
[EventDate "1994.??.??"]
[EventType "swiss"]
[EventRounds "10"]
[EventCountry "DEN"]
[SourceDate "2004.01.01"]

1. e4 d5 2. exd5 Qxd5 3. Nc3 Qa5 4. Bc4 Nf6 5. d3 c6 6. Bd2 Bg4 7. f3 Qe5+ 8.
Qe2 Qxe2+ 9. Ngxe2 Bf5 10. O-O-O e6 11. g4 Bg6 12. h4 h6 13. Rdg1 Nbd7 14. f4
h5 15. g5 Ng8 16. Ne4 Nb6 17. Bb3 O-O-O 18. Ba5 Ne7 19. N2g3 Nf5 20. Nxf5 Bxf5
21. Re1 Bd6 22. Nxd6+ Rxd6 23. Bc3 Rg8 24. Re3 Nd5 25. Bxd5 cxd5 26. Bd4 Kd7
27. Bxa7 Ra6 28. Bd4 Rxa2 29. b3 Rc8 30. Rh2 g6 31. Kb1 Raa8 32. Rh1 b5 33. Rc1
b4 34. Rg3 Kc6 35. Re3 Kb5 36. Rg3 Ra3 37. Re3 Rca8 38. Rg3 Rc8 39. Re3 Rca8
40. Rg3 Bg4 41. Re3 Kc6 42. Rg3 Kd6 43. Re3 Rc8 44. Rg3 Bf5 45. Re3 Ra5 46. Rg3
Ra6 47. Re3 Kc6 48. Rg3 Kb5 49. Re3 1/2-1/2

[Event "16. Copenhagen Open"]
[Site "Copenhagen"]
[Date "1994.??.??"]
[Round "5"]
[White "Jurgens, Peter"]
[Black "Petersen, Nils"]
[Result "1-0"]
[WhiteElo "2235"]
[BlackElo "2005"]
[PlyCount "129"]
[EventDate "1994.??.??"]
[EventType "swiss"]
[EventRounds "10"]
[EventCountry "DEN"]
[SourceDate "2004.01.01"]

1. d4 d5 2. Nc3 Bf5 3. Bg5 h6 4. Bh4 c6 5. Nf3 Nf6 6. Bxf6 exf6 7. e3 Bd6 8.
Bd3 Bxd3 9. Qxd3 Na6 10. a3 Nc7 11. O-O O-O 12. e4 dxe4 13. Qxe4 Qd7 14. Rad1
Rfe8 15. Qd3 Nd5 16. Nxd5 cxd5 17. Rfe1 Bc7 18. Rxe8+ Rxe8 19. Re1 Rxe1+ 20.
Nxe1 Qe6 21. Nf3 Qe4 22. Qxe4 dxe4 23. Nd2 f5 24. c4 Kf8 25. h3 Bf4 26. Nb3 Bg5
27. Kf1 Ke7 28. Ke2 h5 29. a4 Kd6 30. Na1 f4 31. b4 f5 32. Nb3 Bf6 33. f3 e3
34. Kd3 g5 35. Nc1 g4 36. Ne2 Bg5 37. c5+ Kd5 38. Nc3+ Ke6 39. Kc4 Bh4 40. Ne2
Bg5 41. b5 Bh6 42. a5 Bg5 43. b6 axb6 44. axb6 gxh3 45. gxh3 Bd8 46. Nxf4+ Kd7
47. Ne2 Bg5 48. f4 Bh4 49. Kd3 Bf2 50. d5 h4 51. Kd4 Kd8 52. Ke5 Be1 53. Kxf5
Bb4 54. c6 Kc8 55. Ke6 Bc5 56. d6 Bxb6 57. d7+ Kc7 58. cxb7 Kxb7 59. Ke7 Kc6
60. f5 Kd5 61. f6 Ke4 62. f7 Bc5+ 63. Ke8 Kf3 64. Nc1 Kg3 65. d8=Q 1-0

[Event "16. Copenhagen Open"]
[Site "Copenhagen"]
[Date "1994.??.??"]
[Round "5"]
[White "Kaspersen, Morten"]
[Black "Holstein, Erik"]
[Result "1/2-1/2"]
[WhiteElo "2220"]
[BlackElo "2130"]
[PlyCount "116"]
[EventDate "1994.??.??"]
[EventType "swiss"]
[EventRounds "10"]
[EventCountry "DEN"]
[SourceDate "2004.01.01"]

1. d4 f5 2. Nc3 d5 3. Bf4 e6 4. e3 Bd6 5. Nf3 Bxf4 6. exf4 Nf6 7. Qd2 a6 8. g3
Nbd7 9. Bg2 O-O 10. O-O Ne4 11. Qe3 Ndf6 12. Ne5 Nxc3 13. Qxc3 Qd6 14. f3 Bd7
15. Rfe1 Rfe8 16. Rad1 Rac8 17. Bf1 c5 18. dxc5 Rxc5 19. Qb3 Qc7 20. c3 Bb5 21.
Qc2 Bxf1 22. Kxf1 b5 23. Qf2 Qc8 24. Rd2 Rc7 25. Rde2 Nd7 26. Nd3 Rc6 27. Nb4
Rd6 28. Nc2 Kf7 29. Nd4 Nf6 30. Qe3 Qd7 31. Qd3 Qc8 32. Qe3 Qd7 33. Kf2 g6 34.
Kg2 Qc8 35. Ra1 Qd7 36. Kf2 Nh5 37. Qd3 Ng7 38. a4 bxa4 39. Qc2 g5 40. Qxa4
Qxa4 41. Rxa4 gxf4 42. gxf4 Kf6 43. Nc2 Nh5 44. Ne1 d4 45. Rd2 Red8 46. Raxd4
Rxd4 47. Rxd4 Rxd4 48. cxd4 Nxf4 49. Ke3 Nd5+ 50. Kd3 Kg5 51. Ng2 Nf4+ 52. Nxf4
Kxf4 53. Ke2 a5 54. Kf2 Kg5 55. Ke3 a4 56. Kf2 f4 57. Ke2 Kh4 58. Kf2 Kg5
1/2-1/2

[Event "16. Copenhagen Open"]
[Site "Copenhagen"]
[Date "1994.??.??"]
[Round "5"]
[White "Ksieski, Zbigniew"]
[Black "Nielsen, Lars Aaes"]
[Result "1-0"]
[WhiteElo "2355"]
[BlackElo "2220"]
[PlyCount "95"]
[EventDate "1994.??.??"]
[EventType "swiss"]
[EventRounds "10"]
[EventCountry "DEN"]
[SourceDate "2004.01.01"]

1. d4 e6 2. c4 b6 3. a3 Nf6 4. Nc3 d5 5. cxd5 Nxd5 6. Qa4+ Qd7 7. Qc2 c5 8. Nf3
Bb7 9. Ne5 Qc8 10. Nxd5 exd5 11. e4 f6 12. Bb5+ Ke7 13. exd5 fxe5 14. d6+ Kxd6
15. dxe5+ Kc7 16. Bf4 Bc6 17. Bd3 g6 18. O-O Qg4 19. Bg3 Be7 20. h3 Qe6 21. b4
Rd8 22. Rfd1 Bd5 23. b5 a6 24. a4 axb5 25. axb5 Nd7 26. Rxa8 Rxa8 27. Be4 Bxe4
28. Qxe4 Re8 29. Ra1 Rb8 30. Ra7+ Kc8 31. Qc6+ Qxc6 32. bxc6 Nxe5 33. Bxe5 Bd8
34. c7 Bxc7 35. Rxc7+ Kd8 36. Rxh7 Rc8 37. Rh8+ Kd7 38. Rxc8 Kxc8 39. Kf1 Kd7
40. Ke2 Ke6 41. Bc7 b5 42. h4 b4 43. g4 Kd5 44. h5 gxh5 45. gxh5 c4 46. h6 b3
47. Kd2 Kd4 48. Bb6+ 1-0

[Event "16. Copenhagen Open"]
[Site "Copenhagen"]
[Date "1994.??.??"]
[Round "5"]
[White "Lyrberg, Patrik"]
[Black "Berg, Klaus"]
[Result "1/2-1/2"]
[WhiteElo "2415"]
[BlackElo "2440"]
[PlyCount "44"]
[EventDate "1994.??.??"]
[EventType "swiss"]
[EventRounds "10"]
[EventCountry "DEN"]
[SourceDate "2004.01.01"]

1. d4 Nf6 2. Nf3 c5 3. c3 e6 4. Bf4 b6 5. e3 Bb7 6. Nbd2 Be7 7. h3 O-O 8. Bd3
Ba6 9. Bxa6 Nxa6 10. Qe2 Nc7 11. e4 Qc8 12. O-O d5 13. c4 dxc4 14. Nxc4 Qb7 15.
Rac1 Rfd8 16. dxc5 bxc5 17. Na5 Qb6 18. Nc4 Qb7 19. Bg5 h6 20. Bh4 Nb5 21. e5
Nd5 22. Bxe7 Nxe7 1/2-1/2

[Event "16. Copenhagen Open"]
[Site "Copenhagen"]
[Date "1994.??.??"]
[Round "5"]
[White "Mortensen, Beatrix"]
[Black "Bjerring, Kai"]
[Result "0-1"]
[WhiteElo "2100"]
[BlackElo "2345"]
[PlyCount "80"]
[EventDate "1994.??.??"]
[EventType "swiss"]
[EventRounds "10"]
[EventCountry "DEN"]
[SourceDate "2004.01.01"]

1. e4 e5 2. Nf3 d6 3. d4 Nf6 4. Nc3 Nbd7 5. Bc4 h6 6. h3 c6 7. Bb3 Qc7 8. Be3
b5 9. a3 a6 10. O-O g5 11. dxe5 dxe5 12. Bxg5 hxg5 13. Nxg5 Nc5 14. Bxf7+ Ke7
15. Ba2 Ne6 16. Bxe6 Bxe6 17. Nxe6 Kxe6 18. Qf3 Bc5 19. Ne2 Qh7 20. Ng3 Rag8
21. Rad1 Rxg3 22. Qxg3 Nxe4 23. Qg4+ Qf5 24. Qxf5+ Kxf5 25. Rd3 Ke6 26. Kh2
Bxf2 27. Rf3 Bd4 28. c3 Bc5 29. Re1 Nf6 30. Ref1 Be7 31. Kg1 e4 32. Rf5 Nd5 33.
Rxd5 cxd5 34. Kf2 Rf8+ 35. Ke2 Rxf1 36. Kxf1 Bg5 37. Ke2 Bc1 38. b4 Bxa3 39.
Kd2 d4 40. g4 e3+ 0-1